00904 2200193 4500001002100000005001500021035002000036245003500056100001900091250001700110300002800127260003100155082000800186084001400194020002200208650001400230520044000244500002600684INLIS00000000000009820240506100311 a0010-05240000201 aAha Aku Tahu /cWrini Harlindi0 aWrini Harlindi acetakan ke-1 a32 hlm :bilus ;c25 cm aSolo :bTiga Ananda,c2020 a813 a813 WRI a a978-623-206-410-2 4aBuku anak aBuku ini adalah salah satu judul dari seri aku suka membaca yang dipersembahkan untuk anak-anak yang baru belajar membaca. anak-anak akan menikmati petualangan aruna dan teman-temannya yang suka membaca. Saat bermain teka-teki silang, aruna dan kak banyu dapat menjawab banyak pertanyaan. mereka tahu apa binatang terbesar. mereka juga tahu apa nama ibu kota provinsi sumatra barat. dari mana mereka tahu, ya? Yuk, ikuti cerita mereka! aseri aku suka membaca